[Event "US op"]
[Site "Philadelphia"]
[Date "1993.??.??"]
[Round "7"]
[White "Shabalov, Alexander"]
[Black "Benjamin, Joel"]
[Result "1-0"]
[WhiteElo "2590"]
[BlackElo "2620"]

1.e4 c5 2.Nf3 e6 3.Nc3 a6 4.g3 b5 5.d4 cxd4 6.Nxd4 Bb7 7.Bg2 d6 8.O-O Nd7
9.Re1 Qc7 10.Bg5 Ngf6 11.a4 b4 12.Nd5 exd5 13.exd5+ Ne5 14.f4 Nxd5 15.Nf5 Qc5+
16.Kh1 f6 17.fxe5 fxg5 18.exd6+ Kd7 19.Nd4 Qxd6 20.Re6 Qc5 21.Re5 Ne3 22.Rxe3 Bxg2+
23.Kxg2 Qd5+ 24.Nf3 Qxd1 25.Rxd1+ Kc7 26.Nxg5 Rc8 27.c4 Kb8 28.Rd5 Bc5 29.Re6 Rhf8
30.Ne4 Ba7 31.Rxa6 Rxc4 32.Nd6 Rc2+ 33.Kh3 Rf6 34.Rb5+ Ka8 35.Rba5 Rh6+ 36.Kg4 Rg6+
37.Kf3 Rf2+ 38.Ke4 Rg4+ 39.Kd5 Rg5+ 40.Kc4 Rxa5 41.Rxa5 Kb8 42.Rf5 Rxb2 43.Rf8+ Kc7
44.Nb5+ Kb6 45.Ra8 b3 46.Rxa7 Rxh2 47.a5+  1-0

[Event "St Martin op"]
[Site "St Martin"]
[Date "1993.??.??"]
[Round "2"]
[White "Benjamin, Joel"]
[Black "Friedman, Aviv"]
[Result "1-0"]
[WhiteElo "2585"]
[BlackElo "2325"]

1.e4 e6 2.d4 d5 3.e5 c5 4.c3 Ne7 5.Nf3 Nec6 6.Be2 Nd7 7.O-O f6 8.Bb5 fxe5
9.Nxe5 Ndxe5 10.dxe5 Bd7 11.Qg4 Qc7 12.Bxc6 bxc6 13.Bf4 g6 14.Nd2 Bg7 15.Rfe1 Rb8
16.b3 O-O 17.Nf3 Rf5 18.Be3 Bxe5 19.Nxe5 Qxe5 20.Bxc5 Qxc3 21.Bxa7 Ra8 22.Qd4 Qxd4
23.Bxd4 Rf4 24.Bc5 Ra5 25.Be3 Rf8 26.Bd2 Ra6 27.Bb4 Rfa8 28.a3 Rc8 29.Rac1 Rb6
30.Re3 Rb5 31.Bc5 Re8 32.f4 Reb8 33.b4 Ra8 34.Kf2 Rbb8 35.Ke2 Re8 36.Rcc3 Bc8
37.Kd3 Ba6+ 38.Kd4 Bb5 39.Bd6 Rad8 40.Be5 Rd7 41.Rh3 Ra8 42.Rcg3 Rf8 43.Rh6 Rf5
44.Rgh3 Bf1 45.Kc5 d4 46.Kxc6 d3 47.Kxd7 d2 48.Rxh7 Rh5 49.R3xh5 gxh5 50.Rh6 Kf7
51.Rf6+ Kg8 52.Ke7 Kh7 53.Rf7+ Kg6 54.f5+ exf5 55.Rf6+ Kg5 56.Rd6  1-0

[Event "St Martin op"]
[Site "St Martin"]
[Date "1993.??.??"]
[Round "4"]
[White "Benjamin, Joel"]
[Black "Thorsteins, Karl"]
[Result "1-0"]
[WhiteElo "2585"]
[BlackElo "2480"]

1.e4 c6 2.d4 d5 3.Nc3 dxe4 4.Nxe4 Nd7 5.Ng5 e6 6.Bd3 Ngf6 7.N1f3 Bd6 8.Qe2 h6
9.Ne4 Nxe4 10.Qxe4 Nf6 11.Qe2 Qc7 12.Bd2 b6 13.O-O-O Bb7 14.Kb1 O-O-O 15.Ba6 b5
16.Bxb7+ Kxb7 17.Rc1 Rb8 18.c4 bxc4 19.Qxc4 Rhc8 20.Bb4 Bxb4 21.Qxb4+ Ka8
22.Qa3 Rb5 23.Rc5 Ne4 24.Rc2 Qb6 25.Rhc1 Rb8 26.Ne5 Nd6 27.Nd7 Qxd4 28.Nxb8 Rxb8
29.Qc5 Qxc5 30.Rxc5 Ne4 31.R5c2  1-0

[Event "St Martin op"]
[Site "St Martin"]
[Date "1993.??.??"]
[Round "6"]
[White "Olafsson, Helgi"]
[Black "Benjamin, Joel"]
[Result "1-0"]
[WhiteElo "2515"]
[BlackElo "2585"]

1.d4 Nf6 2.Nf3 g6 3.c4 Bg7 4.Nc3 d5 5.cxd5 Nxd5 6.e4 Nxc3 7.bxc3 c5 8.Be3 Qa5
9.Qd2 O-O 10.Rc1 e6 11.Bh6 Rd8 12.h4 cxd4 13.Bxg7 Kxg7 14.cxd4 Nc6 15.Qxa5 Nxa5
16.Kd2 Bd7 17.Bd3 Rac8 18.h5 gxh5 19.Rb1 b6 20.Rxh5 h6 21.Rbh1 Rh8 22.Ne5 Be8
23.R5h3 Nc6 24.Rc1 Ne7 25.Rxc8 Nxc8 26.Rh1 f6 27.Rc1 fxe5 28.Rxc8 exd4 29.e5 Rf8
30.f3 b5 31.Ra8 h5 32.Rxa7+ Rf7 33.Rxf7+ Kxf7 34.Be4 b4 35.Kd3 Ba4 36.Kxd4 b3
37.a3  1-0

[Event "St Martin op"]
[Site "St Martin"]
[Date "1993.??.??"]
[Round "7"]
[White "Benjamin, Joel"]
[Black "Giffard, Nicolas"]
[Result "1/2-1/2"]
[WhiteElo "2585"]
[BlackElo "2370"]

1.e4 c5 2.Nf3 a6 3.c3 b5 4.d4 Bb7 5.Bd3 e6 6.O-O Nf6 7.Bg5 h6 8.Bxf6 Qxf6
9.Nbd2 cxd4 10.cxd4 Nc6 11.Nb3 Nb4 12.Bb1 Rc8 13.Qd2 Nc6 14.a3 g5 15.Rd1 g4
16.Ne1 Be7 17.e5 Qg5 18.Qxg5 hxg5 19.Be4 f5 20.exf6 Bxf6 21.Nc2 Nb8 22.Bxb7 Rxc2
23.Rab1 Rf8 24.Be4 Rc7 25.Rbc1 Kd8 26.g3 Bg7 27.Kg2 Ra7 28.Bg6 Nc6 29.Rc3 a5
30.Rcd3 Rh8 31.Nc1 Ne7 32.Bf7 Nd5 33.Bg6 Ne7 34.Bf7 Nd5 35.Ne2 b4 36.Bg6 Ne7
37.Bf7 Nd5 38.axb4 axb4 39.Bg6 Ne7 40.Bf7 Nd5 41.Bg6 Ne7 42.Bf7  1/2-1/2

[Event "St Martin op"]
[Site "St Martin"]
[Date "1993.??.??"]
[Round "8"]
[White "Benjamin, Joel"]
[Black "Henao, Raul Fernando"]
[Result "1-0"]
[WhiteElo "2585"]
[BlackElo "2405"]

1.e4 e5 2.Nf3 Nc6 3.Bb5 a6 4.Bxc6 dxc6 5.O-O f6 6.d4 exd4 7.Nxd4 c5 8.Nb3 Qxd1
9.Rxd1 Bd6 10.Na5 Bg4 11.f3 O-O-O 12.e5 Bxf3 13.gxf3 fxe5 14.Nc3 Nf6 15.Be3 e4
16.Nxe4 Nxe4 17.fxe4 Rde8 18.Nc4 Rxe4 19.Nxd6+ cxd6 20.Re1 b6 21.Bf2 Rhe8
22.Rxe4 Rxe4 23.Rd1 Kd7 24.Bg3 Re6 25.c4 Kc6 26.a4 g5 27.Rd5 b5 28.b3 h5
29.Rxg5 bxc4 30.bxc4 h4 31.Bxh4 Re4 32.Bg3 Rxc4 33.Rg6 Rd4 34.Kf2 c4 35.Ke3 Rd3+
36.Ke4 Kc5 37.Bxd6+  1-0

[Event "Donner mem-A"]
[Site "Amsterdam"]
[Date "1994.??.??"]
[Round "3"]
[White "Xie Jun"]
[Black "Benjamin, Joel"]
[Result "1/2-1/2"]
[WhiteElo "2515"]
[BlackElo "2610"]

1.e4 c5 2.Nf3 d6 3.d4 cxd4 4.Nxd4 Nf6 5.Nc3 Nc6 6.Be2 e5 7.Nf3 h6 8.O-O Be7
9.h3 Be6 10.Re1 Rc8 11.Bf1 Nb8 12.Be3 a6 13.Nd5 Nbd7 14.Nxe7 Qxe7 15.Nd2 d5
16.exd5 Nxd5 17.Nf3 O-O 18.Bd2 Qf6 19.c4 Nf4 20.b3 Rfe8 21.Bxf4 Qxf4 22.Qe2 f6
23.Rad1 Nf8 24.g3 Qf5 25.Bg2 Qh5 26.Nh2 Qxe2 27.Rxe2 b5 28.cxb5 axb5 29.Nf1 Red8
30.Rxd8 Rxd8 31.Rd2 Rxd2 32.Nxd2 b4 33.Kf1 Nd7 34.Ke2 Nc5 35.Ke3 Kf7 36.Nc4 Bxc4
37.bxc4 Ke6 38.f4 f5 39.Bd5+ Kf6 40.Kd2 g6 41.Bc6 exf4 42.gxf4 g5 43.Ke3 gxf4+
44.Kxf4 Ne6+ 45.Ke3 Ke5 46.Bg2 f4+ 47.Kf3 Nc5 48.Kg4 Ne4 49.h4 Nf6+ 50.Kf3 Ne4
51.Kg4 Nc3 52.c5 Nxa2 53.c6 Kd6 54.Bd5 Nc3 55.Bb3 Ne2 56.Bc4 Nd4 57.Kxf4 Nxc6
58.Kf5 Ke7 59.Ba2 Nd4+ 60.Kg6 Nf3 61.h5 Ne5+ 62.Kxh6 Kf6 63.Kh7 Kg5 64.Kg7 Kxh5
65.Kf6 Nc6 66.Ke6 b3 67.Bxb3 Nd4+ 68.Kd5  1/2-1/2

[Event "Donner mem-A"]
[Site "Amsterdam"]
[Date "1994.??.??"]
[Round "4"]
[White "Benjamin, Joel"]
[Black "Adams, Michael"]
[Result "1/2-1/2"]
[WhiteElo "2610"]
[BlackElo "2640"]

1.d4 Nf6 2.c4 e6 3.Nf3 Bb4+ 4.Bd2 Qe7 5.g3 Nc6 6.Nc3 Bxc3 7.Bxc3 Ne4 8.Rc1 d6
9.d5 Nxc3 10.Rxc3 Nb8 11.dxe6 fxe6 12.Nd4 e5 13.Nc2 O-O 14.Bg2 Nd7 15.b4 a5
16.a3 axb4 17.axb4 Nf6 18.e4 Bg4 19.Qb1 Qf7 20.O-O Be2 21.Rc1 Ne8 22.f3 Bxc4
23.Ne3 Bb5 24.Bf1 Bxf1 25.Rxf1 Qd7 26.b5 Ra5 27.Rb3 Nf6 28.Kg2 Qe6 29.Rc3 Ra2+
30.Rf2 Rxf2+ 31.Kxf2 Qf7 32.Kg2 Nd7 33.Nf5 Nc5 34.b6 Kh8 35.bxc7 Qxc7 36.Qd1 Rd8
37.Qd5 b6 38.Rc2 g6 39.Nh6 Kg7 40.Ng4 h5 41.Ne3 b5 42.Qd2 Rb8  1/2-1/2

[Event "Donner mem-A"]
[Site "Amsterdam"]
[Date "1994.??.??"]
[Round "5"]
[White "Lobron, Eric"]
[Black "Benjamin, Joel"]
[Result "1-0"]
[WhiteElo "2580"]
[BlackElo "2610"]

1.d4 Nf6 2.Nf3 e6 3.c4 d5 4.Nc3 Bb4 5.Bg5 h6 6.Bxf6 Qxf6 7.e3 O-O 8.Rc1 c6
9.a3 Bxc3+ 10.Rxc3 Nd7 11.Qc2 dxc4 12.Bxc4 e5 13.O-O exd4 14.Nxd4 Rd8 15.Ba2 Nf8
16.f4 Rd6 17.h3 Bd7 18.Ne2 Rd8 19.e4 Qe7 20.e5 Rg6 21.Rg3 Rxg3 22.Nxg3 Be6
23.Bxe6 Nxe6 24.Nf5 Qc5+ 25.Qxc5 Nxc5 26.b4 Ne4 27.Re1 Nc3 28.Re3 Nd5 29.Rg3 Nxf4
30.Rxg7+ Kf8 31.Rh7 Ng6 32.e6 fxe6 33.Nxh6 Rd1+ 34.Kh2 Ne7 35.Rf7+ Ke8 36.Rf3 Nd5
37.Nf7 Ke7 38.Ne5 Kd6 39.Nc4+ Ke7 40.Ne5 Kd6 41.Nf7+ Ke7 42.g4 Nf6 43.g5 Ne4
44.h4 Nd2 45.Rf2 Nf1+ 46.Kh3 Ne3 47.Nh6 Rh1+ 48.Kg3 Rg1+ 49.Kh2 Rf1 50.Ng8+ Ke8
51.Nf6+ Kf7 52.Rxf1 Nxf1+ 53.Kg2 Ne3+ 54.Kf3 Nd5 55.Nd7 Kg6 56.Ke4 Kh5 57.Ke5 Kxh4
58.g6 Kg5 59.g7 Ne7 60.Kxe6  1-0

[Event "Donner mem-A"]
[Site "Amsterdam"]
[Date "1994.??.??"]
[Round "7"]
[White "Benjamin, Joel"]
[Black "Sokolov, Ivan"]
[Result "1-0"]
[WhiteElo "2610"]
[BlackElo "2625"]

1.e4 e5 2.Nf3 Nc6 3.Bb5 a6 4.Bxc6 dxc6 5.O-O f6 6.d4 Bg4 7.c3 Bd6 8.Be3 Ne7
9.Nbd2 Qd7 10.dxe5 fxe5 11.h3 Be6 12.Ng5 Bg8 13.Qh5+ Ng6 14.Rfd1 O-O-O 15.Nf1 Qe8
16.Ng3 h6 17.Nf3 Be6 18.Nf5 Qf7 19.Rxd6 cxd6 20.Qxg6 Qxg6 21.Ne7+ Kc7 22.Nxg6 Rhe8
23.a4 Rd7 24.a5 Bg8 25.Nd2 Bh7 26.Nh4 d5 27.exd5 Rxd5 28.Nhf3 Bd3 29.c4 Rd6
30.Re1 Kd7 31.Bc5 Rde6 32.Re3 e4 33.Ne1  1-0

[Event "Donner mem-A"]
[Site "Amsterdam"]
[Date "1994.??.??"]
[Round "8"]
[White "Lautier, Joel"]
[Black "Benjamin, Joel"]
[Result "1-0"]
[WhiteElo "2645"]
[BlackElo "2610"]

1.d4 d6 2.c4 e5 3.Nf3 exd4 4.Nxd4 g6 5.Nc3 Bg7 6.e4 Ne7 7.Be2 Nbc6 8.Be3 O-O
9.h4 f5 10.h5 f4 11.Nxc6 bxc6 12.Bd4 Bxd4 13.Qxd4 c5 14.Qd2 g5 15.g3 h6 16.gxf4 Rxf4
17.Nd5 Rf7 18.O-O-O Rb8 19.e5 Nxd5 20.cxd5 dxe5 21.d6 Be6 22.Qc2 Qf6 23.Qg6+ Qxg6
24.hxg6 Rxf2 25.dxc7 Rc8 26.Rd8+ Kg7 27.Bc4 Bf5 28.Rxc8 Bxc8 29.Re1 g4 30.Rxe5 g3
31.Re7+ Kxg6 32.Bd5 g2 33.Bxg2 Rxg2 34.Re8 Kh5 35.Rxc8 Rg7 36.Kd2 Kg4 37.Kd3 h5
38.Kc4 h4 39.Kxc5 h3 40.Kc6 h2 41.Rh8  1-0

[Event "Donner mem-A"]
[Site "Amsterdam"]
[Date "1994.??.??"]
[Round "9"]
[White "Benjamin, Joel"]
[Black "Timman, Jan H"]
[Result "0-1"]
[WhiteElo "2610"]
[BlackElo "2635"]

1.e4 e5 2.Nf3 Nc6 3.Bb5 a6 4.Ba4 Nf6 5.O-O Be7 6.Re1 b5 7.Bb3 d6 8.c3 O-O
9.d3 Na5 10.Bc2 c5 11.Nbd2 Nd7 12.Nf1 Nb6 13.Ng3 Nc6 14.h3 Be6 15.Nh2 Re8
16.Ng4 Bg5 17.Nf5 Bxc1 18.Qxc1 Bxf5 19.exf5 f6 20.f4 Qc7 21.fxe5 Nxe5 22.Nf2 Kh8
23.Bd1 Qf7 24.Qf4 Nd5 25.Qh4 g5 26.fxg6 Nxg6 27.Rxe8+ Rxe8 28.Bh5 Re2 29.Qg3 Re5
30.Bf3 Ndf4 31.d4 cxd4 32.cxd4 Rg5 33.Qh2 Nxg2 34.Ne4 N2h4+ 35.Nxg5 fxg5
36.Bh1 Nf4 37.Re1 Qf5 38.Qg3 Nxh3+ 39.Kh2 Nf4 40.Re8+ Kg7 41.Be4 Qf6 42.Qg4 Kh6
43.Qd7 Nfg6 44.Re6 Qf4+ 45.Kg1 Qc1+ 46.Kf2 Qxb2+ 47.Ke3 Qa3+ 48.Kd2 Qxa2+
49.Kc1 Qc4+ 50.Kb1 Qb3+ 51.Kc1 Qe3+ 52.Kb1 Qxd4 53.Qxd6 Qxd6 54.Rxd6 g4 55.Rxa6 Kg5
56.Rb6 Nf3 57.Rxb5+ Kf4 58.Bb7 Nge5 59.Rb4+ Kg3 60.Rb5 h5 61.Bc8 Kh2 62.Bxg4 hxg4
63.Rb8 Ng5 64.Rb5 Nef3 65.Rb4 Ne4 66.Kc2 Nfg5 67.Rb3 Kg2 68.Ra3 Kf2 69.Kd3 Kf3
70.Kd4+ Kf4 71.Kd5 Nf3 72.Ra4 Nd2 73.Ra3 Nf1 74.Kd4 Nfd2 75.Kd5 Nf3 76.Ra4 Ng5
77.Ra3 Nf6+ 78.Kd6 Nge4+ 79.Ke6 Ne8 80.Kd5 Nc7+ 81.Kc6 Ne6 82.Kd5 N6g5 83.Rb3 Nf3
84.Rb2 Nfd2 85.Rc2 g3 86.Rc1 Nf3 87.Rc2  0-1

[Event "Horgen CS"]
[Site "Horgen"]
[Date "1994.??.??"]
[Round "2"]
[White "Benjamin, Joel"]
[Black "Kortschnoj, Viktor"]
[Result "1/2-1/2"]
[WhiteElo "2610"]
[BlackElo "2615"]

1.e4 e6 2.d4 d5 3.e5 c5 4.c3 Nc6 5.Nf3 Qb6 6.Be2 Nge7 7.dxc5 Qxc5 8.Bf4 Ng6
9.Bg3 Qb6 10.b4 Bd7 11.Bd3 a5 12.b5 Nce7 13.Nbd2 Nf5 14.Qe2 a4 15.c4 Nxg3
16.hxg3 Be7 17.O-O O-O 18.Rfc1 Rac8 19.Nf1 dxc4 20.Rxc4 Rxc4 21.Bxc4 Rc8
22.Rd1 Be8 23.N1d2 Qc7 24.Bd3 Rd8 25.Be4 Bb4 26.Bd3 Rd5 27.Nf1 Bc5 28.Bxg6 hxg6
29.Rxd5 exd5 30.Ne3 Qb6 31.Nxd5 Qxb5 32.Qd2 Qd7 33.Qd3 b5 34.Qe4 Qd8 35.e6 fxe6
36.Nf4 Qb6 37.Qa8 Qc6 38.Qd8 Qd7 39.Qa8 Qc6 40.Qd8 Qd7 41.Qa8 Bb6 42.Nxg6 Qd1+
43.Kh2 Qd8 44.Qe4 Qf6 45.Nf4 Bxf2 46.Qa8 Kf7 47.Qb7+ Kf8 48.Qc8 e5 49.Nxe5 Bxg3+
50.Kxg3 Qxe5 51.Kg4 Ke7 52.Kf3 g5 53.Nd3 Qd5+ 54.Ke3 Bc6 55.Qc7+ Kf6 56.g3 Qe6+
57.Kd4 Qe4+ 58.Kc5 Qc4+ 59.Kb6 Qxd3 60.Qxc6+ Kf5 61.Qxb5+  1/2-1/2

[Event "Horgen CS"]
[Site "Horgen"]
[Date "1994.??.??"]
[Round "4"]
[White "Benjamin, Joel"]
[Black "Jussupow, Artur"]
[Result "1/2-1/2"]
[WhiteElo "2610"]
[BlackElo "2655"]

1.d4 Nf6 2.c4 e6 3.Nf3 d5 4.Nc3 Be7 5.Bg5 h6 6.Bh4 O-O 7.e3 Ne4 8.Bxe7 Qxe7
9.Rc1 c6 10.Bd3 Nxc3 11.Rxc3 dxc4 12.Bxc4 Nd7 13.O-O b6 14.Qe2 Bb7 15.Rd1 Rfd8
16.Ba6 Bxa6 17.Qxa6 c5 18.Qb7 Rdb8 19.Qe4 Rd8 20.Qb7 Rdb8 21.Qe4 Rd8 22.Qc2 a5
23.h3 Re8 24.Qa4 Rad8 25.Rcc1 e5 26.dxe5 Nxe5 27.Nxe5  1/2-1/2

[Event "Horgen CS"]
[Site "Horgen"]
[Date "1994.??.??"]
[Round "5"]
[White "Miles, Anthony J"]
[Black "Benjamin, Joel"]
[Result "1/2-1/2"]
[WhiteElo "2600"]
[BlackElo "2610"]

1.Nf3 d6 2.d4 Bg4 3.c4 Nd7 4.Qb3 Rb8 5.Nc3 Bxf3 6.exf3 g6 7.Be3 Bg7 8.Rd1 c6
9.Be2 Ngf6 10.O-O O-O 11.f4 a6 12.d5 Qa5 13.f5 Nc5 14.Qc2 cxd5 15.cxd5 Rfc8
16.Qb1 Na4 17.Nxa4 Qxa4 18.fxg6 hxg6 19.Bf3 Qc2 20.Rd2 Qxb1 21.Rxb1 Nd7 22.Bg4 f5
23.Be2 Rc7 24.h4 Nf6 25.Bb6 Rcc8 26.Rd3 Rc2 27.Bd1 Rc4 28.g3 Rbc8 29.Kg2 Nd7
30.Be3 Nc5 31.Ra3 Rb4 32.Bxc5 Rxc5 33.Re3 Kf8 34.Bb3 a5 35.a3 Rb6 36.h5 gxh5
37.Rh1 a4 38.Bxa4 Rxb2 39.Rxh5 Rxd5 40.Rb3 Rxb3 41.Bxb3 Rc5  1/2-1/2

[Event "Horgen CS"]
[Site "Horgen"]
[Date "1994.??.??"]
[Round "7"]
[White "Lutz, Christopher"]
[Black "Benjamin, Joel"]
[Result "1/2-1/2"]
[WhiteElo "2580"]
[BlackElo "2610"]

1.d4 Nf6 2.c4 e6 3.Nf3 Bb4+ 4.Nbd2 O-O 5.a3 Bxd2+ 6.Bxd2 Ne4 7.g3 d6 8.Bg2 Nd7
9.Be3 f5 10.Qc2 Ndf6 11.Nd2 Nxd2 12.Bxd2 Qe8 13.c5 dxc5 14.dxc5 c6 15.f4 e5
16.fxe5 Qxe5 17.Bf4 Qe6 18.O-O Re8 19.Rfe1 Qf7 20.Rad1 Be6 21.Rd6 Qh5 22.Bf3 Qh3
23.Bg2 Qh5 24.Bf3 Qh3  1/2-1/2

[Event "Moscow ol (Men)"]
[Site "Moscow"]
[Date "1994.??.??"]
[Round "6"]
[White "Benjamin, Joel"]
[Black "Bologan, Viktor"]
[Result "0-1"]
[WhiteElo "2610"]
[BlackElo "2600"]

1.c4 Nf6 2.Nc3 g6 3.g3 Bg7 4.Bg2 O-O 5.Nf3 d6 6.O-O a6 7.d3 e5 8.Rb1 h6 9.b4 Nh5
10.e3 Be6 11.Bb2 Nd7 12.Qe2 c6 13.a4 d5 14.Nd2 Nhf6 15.b5 axb5 16.axb5 Re8
17.Rfc1 d4 18.bxc6 bxc6 19.Nce4 Nxe4 20.Nxe4 Qe7 21.exd4 exd4 22.Ra1 Bf5
23.Qc2 h5 24.Re1 h4 25.Rxa8 Rxa8 26.Bc1 h3 27.Bh1 Qb4 28.Bd2 Qa4 29.Qxa4 Rxa4
30.f4 Ra2 31.Bc1 Bxe4 32.dxe4 Nc5 33.Rd1 Nb3 34.Bf3 Bf8 35.f5 Nxc1 36.Rxc1 Bh6
37.Rd1 Be3+ 38.Kh1 Rc2 39.fxg6 fxg6 40.Bg4 Kg7 41.Bxh3 Kf6 42.Bf1 Ke5 43.Bd3 Ra2
44.h4 c5 45.Bb1 Rb2 46.Bd3 Rf2 47.Bb1 g5 48.hxg5 Bxg5 49.Bd3 Be3 50.Bb1 Kf6
51.Bd3 Kg5 52.Ra1 Kg4 53.Ra7 Rd2 54.Bf1 Kxg3 55.Rg7+ Kf4 56.Rd7 Kxe4 57.Re7+ Kf3
58.Rd7 Rd1 59.Rf7+ Bf4 60.Kg1 d3  0-1

[Event "Moscow ol (Men)"]
[Site "Moscow"]
[Date "1994.??.??"]
[Round "12"]
[White "Ionescu, Constantin"]
[Black "Benjamin, Joel"]
[Result "1/2-1/2"]
[WhiteElo "2465"]
[BlackElo "2610"]

1.d4 Nf6 2.c4 e6 3.Nf3 Bb4+ 4.Nbd2 O-O 5.a3 Bxd2+ 6.Bxd2 Ne4 7.g3 d6 8.Bg2 Nd7
9.O-O f5 10.Be3 Qe8 11.Ne1 e5 12.dxe5 Nxe5 13.b3 a5 14.a4 Ng6 15.Nc2 b6 16.f3 Nc5
17.Bxc5 bxc5 18.f4 Rb8 19.Qd3 Ne7 20.Rae1 Bb7 21.Bxb7 Rxb7 22.e4 Qc6 23.e5 d5
24.cxd5 Qxd5 25.Qxd5+ Nxd5 26.Rf3 Rfb8 27.Rd1 c6 28.Rdd3 Kf7 29.Na3 Ke6 30.Nc4 Ra7
31.h3 h6 32.g4 Rf8 33.Kf2 g5 34.fxg5 hxg5 35.gxf5+ Rxf5 36.Rxf5 Kxf5 37.Kg3 Rh7
38.Rd2 Nf4 39.Rh2 Rd7 40.Rf2 Rh7 41.Rh2 Rd7 42.Rf2  1/2-1/2

[Event "Moscow ol (Men)"]
[Site "Moscow"]
[Date "1994.??.??"]
[Round "13"]
[White "Spasov, Vasil"]
[Black "Benjamin, Joel"]
[Result "1-0"]
[WhiteElo "2525"]
[BlackElo "2610"]

1.e4 g6 2.d4 Bg7 3.Nc3 d6 4.Nge2 Nc6 5.Be3 Nf6 6.f3 e5 7.Qd2 O-O 8.O-O-O d5
9.dxe5 Nxe5 10.Nf4 c6 11.exd5 Qa5 12.Kb1 Bf5 13.Ne4 Qxd2 14.Nxf6+ Bxf6 15.Bxd2 Rfd8
16.Bc3 g5 17.Nh5 Bh8 18.d6 Bg6 19.Ng3 Rd7 20.h4 gxh4 21.Rxh4 f5 22.Rf4 Rf8
23.a4 Nf7 24.Bxh8 Kxh8 25.Nxf5 Nxd6 26.Rfd4 Bxf5 27.Rxd6 Rxd6 28.Rxd6 Re8
29.Kc1 Re1+ 30.Rd1 Re7 31.g4 Bd7 32.Bd3 c5 33.b3 Bc6 34.f4 Rf7 35.Rf1 h6
36.Kd2 Kg7 37.Ke3 Re7+ 38.Kf2 Rf7 39.Kg3 Re7 40.g5 Re3+ 41.Kg4 Bg2 42.Rf2 Bh3+
43.Kh5 hxg5 44.Kxg5 Rg3+ 45.Kh4 Re3 46.Re2 Rf3 47.Be4 Rc3 48.Bd3 Bf1 49.Re7+ Kf6
50.Rxb7 Bxd3 51.cxd3 Kf5 52.Rf7+ Kg6 53.Rxa7 Rxb3 54.Kg4 Rxd3 55.Ra6+ Kf7
56.Kg5 c4 57.Rc6 c3 58.f5 Rg3+ 59.Kf4 Rh3 60.Kg4 Rd3 61.a5 Rd5 62.a6 Ra5
63.Kg5 c2 64.Rc7+ Kf8 65.Kg6 Rxa6+ 66.f6 Ra8 67.Rxc2 Rb8 68.Rc7  1-0

[Event "Munich SKA"]
[Site "Munich"]
[Date "1994.??.??"]
[Round "2"]
[White "Lobron, Eric"]
[Black "Benjamin, Joel"]
[Result "1/2-1/2"]
[WhiteElo "2570"]
[BlackElo "2620"]

1.d4 Nf6 2.Nf3 e6 3.c4 b6 4.a3 Bb7 5.Nc3 g6 6.Bg5 Bg7 7.e3 h6 8.Bh4 Nc6 9.Bd3 Ne7
10.Rc1 Nf5 11.Bxf6 Bxf6 12.Be4 Bxe4 13.Nxe4 Bg7 14.c5 O-O 15.O-O Ne7 16.Ned2 d6
17.cxd6 cxd6 18.Qa4 a6 19.Qb3 b5 20.Ne4 Qd7 21.Qb4 Rfd8 22.Qa5 Nd5 23.Nc3 Ne7
24.Na2 Nc6 25.Qd2 Rac8 26.h3 Qb7 27.Rc2  1/2-1/2

[Event "Munich SKA"]
[Site "Munich"]
[Date "1994.??.??"]
[Round "3"]
[White "Benjamin, Joel"]
[Black "Huebner, Robert"]
[Result "0-1"]
[WhiteElo "2620"]
[BlackElo "2610"]

1.e4 e5 2.Nf3 Nc6 3.Bb5 a6 4.Bxc6 dxc6 5.O-O Qd6 6.Na3 Be6 7.Qe2 Ne7 8.Nc4 Bxc4
9.Qxc4 c5 10.Ng5 Qf6 11.d3 h6 12.Nh3 Nc6 13.Be3 Qd6 14.f4 f6 15.Rad1 O-O-O
16.c3 exf4 17.Bxf4 Ne5 18.Qa4 Qc6 19.Qxc6 Nxc6 20.Be3 Bd6 21.Nf2 Rhe8 22.Rfe1 Rd7
23.g3 Ne5 24.Kg2 h5 25.Bf4 Nf7 26.Nh3 Red8 27.Nf2 Be7 28.b3 b6 29.Re2 Bd6
30.Red2 Be5 31.Rc2 Kb7 32.Be3 g6 33.a4 a5 34.Rdd2 f5 35.exf5 gxf5 36.Re2 Rg8
37.Kf3 h4 38.gxh4 Bxh2 39.Bf4 Bxf4 40.Kxf4 Rh8 41.Kxf5 Rxh4 42.Rcd2 Nd8 43.Ng4 Rf7+
44.Kg5 Rh1 45.Kg6 Rg1 46.Rg2 Rff1 47.Nf6 Nc6 48.Rxg1 Rxg1+ 49.Kf5 Rb1 50.Nd5 Rxb3
51.Rh2 Nb8 52.Rh7 Na6 53.Ke6 Ra3 54.Nxc7 Nxc7+ 55.Kd6 Rxa4 56.Rxc7+ Ka6 57.c4 Ra1
58.Kc6 Rh1 59.Rc8 Rh6+ 60.Kc7 Rh7+ 61.Kc6 a4 62.Ra8+ Ra7 63.Rh8 Ka5 64.d4 cxd4
65.Rh5+ Kb4 66.Kxb6 Ra8 67.Kb7 Rd8 68.Kc7 Rg8 69.c5 a3 70.c6 a2 71.Rh1 Ra8
72.Ra1 Kb3 73.Kb7 Ra4  0-1

[Event "Munich SKA"]
[Site "Munich"]
[Date "1994.??.??"]
[Round "9"]
[White "Beliavsky, Alexander G"]
[Black "Benjamin, Joel"]
[Result "1-0"]
[WhiteElo "2650"]
[BlackElo "2620"]

1.d4 Nf6 2.c4 e6 3.Nc3 Bb4 4.Qc2 O-O 5.a3 Bxc3+ 6.Qxc3 b6 7.Bg5 Bb7 8.Nh3 d5
9.cxd5 exd5 10.e3 Nbd7 11.Rc1 h6 12.Bxf6 Qxf6 13.Bb5 c6 14.Ba4 Rfc8 15.O-O Qd6
16.Nf4 c5 17.dxc5 bxc5 18.Bxd7 Qxd7 19.Qe5 Re8 20.Qh5 Qd6 21.Rfd1 Rad8 22.Qf5 Re5
23.Qc2 Rc8 24.Qa4 Qb6 25.b4 c4 26.Rd4 Bc6 27.Qd1 a5 28.Rb1 axb4 29.axb4 Bb7
30.Ne2 Ra8 31.Nc3 Ra3 32.Qc1 Qa6 33.h4 Qa8 34.Qd2 Qa6 35.Qc2 Qa8 36.Rbd1 Ra1
37.Rxa1 Qxa1+ 38.Kh2 Qa3 39.b5 Qb4 40.Qd2 g6 41.e4 dxe4 42.Rd7 Re7 43.Rd8+ Kg7
44.Qd4+ f6 45.Nd5 Bxd5 46.Qxd5 Rf7 47.Qa8 h5 48.Rg8+ Kh6 49.Qxe4 f5 50.Qe6 Rg7
51.Rh8+ Rh7 52.Qe3+ Kg7 53.Qd4+ Kh6 54.b6  1-0

[Event "New York op"]
[Site "New York"]
[Date "1994.??.??"]
[Round "1"]
[White "Reichstein, Boris"]
[Black "Benjamin, Joel"]
[Result "1/2-1/2"]
[WhiteElo "2265"]
[BlackElo "2620"]

1.e4 c5 2.Nf3 e6 3.c3 d5 4.exd5 exd5 5.d4 Nf6 6.Bb5+ Bd7 7.Qe2+ Be7 8.dxc5 O-O
9.O-O Bxc5 10.Bg5 a6 11.Bxd7 Nbxd7 12.Nbd2 Re8 13.Qd3 Ba7 14.Nb3 Qc7 15.Nbd4 Ne4
16.Be3 Ndc5 17.Qc2 Rad8 18.Ne2 b5 19.Rad1 Re6 20.Nf4 Red6 21.Nd4 Bb8 22.f3 Nf6
23.g3 g6 24.Qf2 Ncd7 25.Nd3 Qc8 26.Bf4 Rb6 27.Bxb8 Qxb8 28.Rfe1 Qd6 29.Re2 Rbb8
30.Rde1 Re8 31.Rxe8+  1/2-1/2

[Event "New York op"]
[Site "New York"]
[Date "1994.??.??"]
[Round "2"]
[White "Benjamin, Joel"]
[Black "Nilsson, Lars Kjoller"]
[Result "1-0"]
[WhiteElo "2620"]
[BlackElo "2235"]

1.e4 c5 2.Nf3 d6 3.d4 cxd4 4.Nxd4 Nf6 5.Nc3 Nc6 6.Bg5 a6 7.Qd2 Qa5 8.Nb3 Qd8
9.O-O-O e6 10.Bf4 e5 11.Bg5 Be6 12.Kb1 Qc7 13.f4 exf4 14.Bxf6 gxf6 15.Qxf4 Be7
16.Nd5 Bxd5 17.Rxd5 O-O-O 18.Be2 Ne5 19.Nd4 Rhg8 20.g3 Kb8 21.Rd1 Rc8 22.c3 Qb6
23.Nf5 Ng6 24.Qd2 Qf2 25.Nxe7 Nxe7 26.Rh5 d5 27.exd5 Rg5 28.d6 Rxh5 29.Bxh5 Qf5+
30.Qd3 Qxd3+ 31.Rxd3 Ng6 32.Rf3 Rc5 33.Bxg6 fxg6 34.Rxf6 Kc8 35.Rf8+ Kd7
36.Rf7+ Kxd6 37.Rxb7  1-0

[Event "New York op"]
[Site "New York"]
[Date "1994.??.??"]
[Round "5"]
[White "Benjamin, Joel"]
[Black "Ivanov, Alexander"]
[Result "1/2-1/2"]
[WhiteElo "2620"]
[BlackElo "2555"]

1.d4 Nf6 2.c4 e6 3.g3 d5 4.Bg2 dxc4 5.Qa4+ Nbd7 6.Nf3 a6 7.Qxc4 b5 8.Qc6 Rb8
9.Bg5 Bb7 10.Bxf6 Bb4+ 11.Nbd2 Qxf6 12.Qxc7 Bxf3  1/2-1/2

[Event "New York op"]
[Site "New York"]
[Date "1994.??.??"]
[Round "8"]
[White "De Firmian, Nick E"]
[Black "Benjamin, Joel"]
[Result "0-1"]
[WhiteElo "2580"]
[BlackElo "2620"]

1.e4 c5 2.Nf3 e6 3.Nc3 Nc6 4.g3 Nge7 5.Bg2 d5 6.O-O d4 7.Ne2 g6 8.d3 Bg7
9.Nh4 O-O 10.f4 f5 11.e5 g5 12.Nf3 g4 13.Nd2 Rb8 14.Nc4 b6 15.Nd6 Bd7 16.c3 Nc8
17.Nxc8 Rxc8 18.cxd4 Nxd4 19.Nxd4 cxd4 20.Bd2 Bc6 21.Qb3 Qd7 22.Rac1 Bxg2
23.Kxg2 Kf7 24.Kg1 h5 25.a4 Rfd8 26.Bb4 Qb7 27.Bd6 h4 28.gxh4 Bh6 29.Rxc8 Rxc8
30.Bb4 Rc6 31.Bd2 Qc8 32.Qd1 Qa6 33.Be1 Qc8 34.Bd2 Qa6 35.Qb3 Qc8 36.h5 Rc2
37.Bc3 Re2 38.Qd1 Rxh2 39.Kxh2 dxc3 40.bxc3 Qxc3 41.Kg3 Qd4 42.Qd2 Bf8 43.Rd1 Bc5
44.Qe2 Kg7 45.Qd2 Kh6 46.Rf1 Kxh5 47.Qh2+ Kg6 48.Qh8 Qxd3+ 49.Kh2 Kf7 50.Qf6+ Ke8
51.Qxe6+ Kd8 52.Qg8+ Kc7 53.Qh7+ Kb8 54.Rg1 Bxg1+ 55.Kxg1 Qg3+ 56.Kh1 Qe1+
57.Kg2 Qe2+ 58.Kg1 Qe3+ 59.Kg2 Qf3+ 60.Kg1  0-1

[Event "New York op"]
[Site "New York"]
[Date "1994.??.??"]
[Round "9"]
[White "Benjamin, Joel"]
[Black "Gruenfeld, Yehuda"]
[Result "1/2-1/2"]
[WhiteElo "2620"]
[BlackElo "2545"]

1.d4 Nf6 2.c4 e6 3.Nc3 Bb4 4.Qc2 O-O 5.a3 Bxc3+ 6.Qxc3 b6 7.Nf3 Bb7 8.g3 c5
9.Bg2 cxd4 10.Qxd4 Nc6 11.Qh4 Na5 12.b4 Nb3 13.Rb1 Nxc1 14.Rxc1 Rc8 15.O-O Qe7
16.Ne5 Bxg2 17.Kxg2 d6 18.Nf3 Qb7  1/2-1/2

[Event "World op"]
[Site "Philadelphia"]
[Date "1994.??.??"]
[Round "?"]
[White "Benjamin, Joel"]
[Black "Fang, Joseph"]
[Result "1-0"]
[WhiteElo "2620"]
[BlackElo "2400"]

1.d4 g6 2.e4 Bg7 3.Nc3 d6 4.Nf3 Nf6 5.Be2 O-O 6.O-O Bg4 7.h3 Bxf3 8.Bxf3 Nc6
9.Ne2 e5 10.d5 Ne7 11.c4 Nd7 12.Nc3 a5 13.Rb1 Kh8 14.a3 Ng8 15.b4 axb4 16.axb4 Bh6
17.Bb2 f5 18.Qd3 Ndf6 19.c5 Ne7 20.Ra1 Bg7 21.Rxa8 Qxa8 22.Qc4 Qb8 23.Ba3 fxe4
24.Bxe4 b5 25.cxb6 cxb6 26.Nb5 Rc8 27.Qd3 Nxe4 28.Qxe4 Qa8 29.Nxd6 Qxa3 30.Nxc8 Nxc8
31.Qc4 Nd6 32.Qc7 Bf8 33.Qxb6 Qb3 34.Qc5 Kg8 35.Rc1 Nf7 36.Qc4 Qxb4 37.Qxb4 Bxb4
38.Rc8+ Kg7 39.Re8 Bd6 40.Kf1 h5 41.Re6 Bc5 42.Ke2 Bf8 43.Kd3 Bc5 44.f3 h4
45.Kc4 Bf8 46.Kb3 Bd6 47.Kc4 Kh6 48.Kb5 Kg5 49.Kc6 Ba3 50.Kd7 Kf5 51.Ra6 Bb4
52.Ra4 Bd2 53.Rxh4 Bf4 54.Rh7 Kf6 55.h4 Bg3 56.Kc6 Nd8+ 57.Kc7 Nf7 58.Kd7 e4
59.fxe4 Nd6 60.Re7 Nf7 61.Ke8 Nd6+ 62.Kf8 g5  1-0